| 000 | 00660nam a2200193Ia 4500 | ||
|---|---|---|---|
| 008 | 151121s9999||||xx |||||||||||||| ||und|| | ||
| 082 | _a813-/चांदोर | ||
| 082 | _bHNW-116545 | ||
| 100 | _aचांदोरकर स्वाती | ||
| 245 | _aगोल गोल राणी | ||
| 260 | _b"मेहता पब्लिशिंग हाऊस, पुणे।" | ||
| 260 | _c2015 | ||
| 300 | _a156 | ||
| 600 | _aचांदोरकर स्वाती | ||
| 630 | _aगोल गोल राणी | ||
| 700 | _aचांदोरकर स्वाती | ||
| 730 | _aगोल गोल राणी | ||
| 942 | _cBOOK | ||
| 999 |
_c1265176 _d1265173 |
||